Postacie fikcyjne według państwa #2 - Statystyki

Ogólne statystyki
  • Ten quiz został rozwiązany 16 razy
  • Średni wynik to 10 z 21
Statystyki odpowiedzi
Postać Państwo % Poprawnych
Achilles Grecja
93%
Super Mario Włochy
93%
Bart Simpson Stany Zjednoczone
86%
Sherlock Holmes Wielka Brytania
86%
Fiodor Karamazow Rosja
79%
Inspektor Clouseau Francja
71%
Hansel i Gretel Niemcy
64%
Pippi Longstocking Szwecja
64%
Krokodyl Dundee Australia
57%
Miś Paddington Peru
57%
Brüno Austria
36%
Sindbad Żeglarz Irak
36%
Heidi Szwajcaria
36%
Keyser Söze Turcja
36%
Tony Montana Kuba
29%
Molly Malone Irlandia
21%
Dudley Do-Right Kanada
21%
Aladyn Chiny
14%
Bender Meksyk
14%
Zwarte Piet Hiszpania
7%
Hermes Conrad Jamajka
7%
Nie znaleziono quizów pasujących do podanych kryteriów
Rozkład punktacji
Procent ludzi z każdym wynikiem
Percentyl według liczby udzielonych odpowiedzi
Twoja historia wyników
Nie rozwiązałeś tego quizu